Mythistory of kajir Ronghangpi: (Record no. 1435649)

MARC details
000 -LEADER
fixed length control field 00778 a2200229 4500
005 - DATE AND TIME OF LATEST TRANSACTION
control field 20260429145921.0
008 - FIXED-LENGTH DATA ELEMENTS--GENERAL INFORMATION
fixed length control field 260429b |||||||| |||| 00| 0 eng d
020 ## - INTERNATIONAL STANDARD BOOK NUMBER
International Standard Book Number 978-93-8080-067-3
037 ## - SOURCE OF ACQUISITION
Terms of availability TB
040 ## - CATALOGING SOURCE
Original cataloging agency CRL
Transcribing agency CRL
041 ## - LANGUAGE CODE
Source of code eng
Language code of text/sound track or separate title eng
084 ## - COLON CLASSIFICATION NUMBER
Classification number K9954.277v R4
Assigning agency CRL
245 ## - TITLE STATEMENT
Title Mythistory of kajir Ronghangpi:
Remainder of title the making of kaziranga national park
260 ## - PUBLICATION, DISTRIBUTION, ETC.
Place of publication, distribution, etc. New Delhi, India:
Name of publisher, distributor, etc. Manohar Publishers,
Date of publication, distribution, etc. 2024.
300 ## - PHYSICAL DESCRIPTION
Extent 347p.
365 ## - TRADE PRICE
Price amount 1995.00
Currency code INR
650 ## - SUBJECT ADDED ENTRY--TOPICAL TERM
Topical term or geographic name entry element Zoology
700 ## - ADDED ENTRY--PERSONAL NAME
Personal name Teron, Dharamsing
Relator term Editor,
9 (RLIN) 821700
700 ## - ADDED ENTRY--PERSONAL NAME
Personal name Dhanaraju, Vulli
Relator term Editor,
9 (RLIN) 1236001
942 ## - ADDED ENTRY ELEMENTS (KOHA)
Koha item type Textbook
Source of classification or shelving scheme Colon Classification (CC)
Classification part K9954.277v R4
Holdings
Withdrawn status Lost status Source of classification or shelving scheme Damaged status Not for loan Home library Current library Date acquired Source of acquisition Cost, normal purchase price Inventory number Total Checkouts Full call number Barcode Date last seen Cost, replacement price Price effective from Koha item type
    Colon Classification (CC)     Central Library Central Library 2026-04-29 Excel Book International 1596.00 115 & 17/10/2026   K9954.277v R4 CL1924123 2025-10-17 1995.00 2025-10-17 Textbook
Copyright @ Delhi University Library System